000 00964nam a2200265Ia 4500
003 OSt
005 20221005105704.0
006 a|||||r|||| 00| 0
007 ta
008 221004b |||||||| |||| 00| 0 hin d
020 _a9789350000233 (hbk)
_c200
024 _a11085
037 _b269, 03/03/2014, Vani Prakashan
_cTextual
040 _aCRL
_cCRL
_bhin
041 _2hin
_ahin
082 _aO152,6N165x, N8;P9
100 _aश्रोत्रिय, प्रभाकर
245 0 _aसौंदर्य का तात्पर्य
246 _aSauandarya kā tātparya
260 _aनई दिल्ली
_bवाणी प्रकाशन भारत
_c2009
300 _a134पृ0
_ccm.
650 _aहिन्दी साहित्य
942 _hO152,6N165x, N8;P9
_cTEXL
_2cc
999 _c1016581
_d1016581